Clinical Optics/ (Record no. 9524)

MARC details
000 -LEADER
fixed length control field 00516nam a22002057a 4500
003 - CONTROL NUMBER IDENTIFIER
control field OSt
005 - DATE AND TIME OF LATEST TRANSACTION
control field 20260131020003.0
008 - FIXED-LENGTH DATA ELEMENTS--GENERAL INFORMATION
fixed length control field 250926b |||||||| |||| 00| 0 eng d
020 ## - INTERNATIONAL STANDARD BOOK NUMBER
International Standard Book Number 0632049898
040 ## - CATALOGING SOURCE
Transcribing agency MUST
082 ## - DEWEY DECIMAL CLASSIFICATION NUMBER
Classification number WW 300 E51c 1999
100 ## - MAIN ENTRY--PERSONAL NAME
Personal name Elkington, Andrew
9 (RLIN) 19393
245 ## - TITLE STATEMENT
Title Clinical Optics/
Statement of responsibility, etc. Andrew R Elkington
250 ## - EDITION STATEMENT
Edition statement 3rd ed.
260 ## - PUBLICATION, DISTRIBUTION, ETC. (IMPRINT)
Name of publisher, distributor, etc. Blackwell science
Date of publication, distribution, etc. 1999
300 ## - PHYSICAL DESCRIPTION
Extent 246p.
Other physical details ill.
Dimensions 23cm
504 ## - BIBLIOGRAPHY, ETC. NOTE
Bibliography, etc includes indexes
650 ## - SUBJECT ADDED ENTRY--TOPICAL TERM
Source of heading or term Eye disease
942 ## - ADDED ENTRY ELEMENTS (KOHA)
Source of classification or shelving scheme Other/Generic Classification Scheme
Koha item type Open Shelf
Koha issues (borrowed), all copies 5
Holdings
Withdrawn status Lost status Source of classification or shelving scheme Damaged status Not for loan Home library Current library Date acquired Source of acquisition Inventory number Total Checkouts Full call number Barcode Checked out Date last seen Date last checked out Price effective from Koha item type
    Other/Generic Classification Scheme     MUST Main Library MUST Main Library 26/09/2025 Purchase 06/26840 5 WW 300 E51c 1999 2025-0040 20/02/2026 30/01/2026 30/01/2026 26/09/2025 Open Shelf